Hacia una movilidad consciente en la Zona Metropolitana del Valle de México (Record no. 22240)
[ view plain ]
| 000 -CABECERA | |
|---|---|
| campo de control de longitud fija | 02425nam a2200301 4500 |
| 001 - NÚMERO DE CONTROL | |
| campo de control | 000656966 |
| 003 - IDENTIFICADOR DEL NÚMERO DE CONTROL | |
| campo de control | OSt |
| 005 - FECHA Y HORA DE LA ÚLTIMA TRANSACCIÓN | |
| campo de control | 20260601193901.0 |
| 008 - DATOS DE LONGITUD FIJA--INFORMACIÓN GENERAL | |
| campo de control de longitud fija | 260507b2015 mx ||||| |||| 00| 0 spa d |
| 035 ## - NÚMERO DE CONTROL DEL SISTEMA | |
| Número de control de sistema | TD015989 |
| 040 ## - FUENTE DE LA CATALOGACIÓN | |
| Centro catalogador/agencia de origen | ICI |
| Lengua de catalogación | spa |
| Centro/agencia transcriptor | ICI |
| Normas de descripción | rda |
| 041 ## - CÓDIGO DE LENGUA | |
| Código de lengua del texto/banda sonora o título independiente | spa |
| 050 ## - SIGNATURA TOPOGRÁFICA DE LA BIBLIOTECA DEL CONGRESO | |
| Número de clasificación | HE327 |
| Número de documento/Ítem | M69 2015 |
| 100 ## - ENTRADA PRINCIPAL--NOMBRE DE PERSONA | |
| Nombre de persona | Aquino, Thales Leonard dos Santos |
| 9 (RLIN) | 33886 |
| 245 #1 - MENCIÓN DE TÍTULO | |
| Título | Hacia una movilidad consciente en la Zona Metropolitana del Valle de México |
| Mención de responsabilidad, etc. | Thales Leonard dos Santos Aquino ; directora: Mtra. Nora Morales Zaragoza ; lectores: Mtro. Tonatiuh Navarro Mastache, Mtra. Georgina Durán Quezada. |
| Medio | [recurso electrónico] : |
| 246 #1 - FORMA VARIANTE DE TÍTULO | |
| Título propio/Titulo breve | Estrategias innovadoras aplicadas a la experiencia Iberobús |
| Medio | [recurso electrónico] |
| 260 ## - PUBLICACIÓN, DISTRIBUCIÓN, ETC. | |
| Lugar de publicación, distribución, etc. | 2015 |
| 538 ## - NOTA DE DETALLES DEL SISTEMA | |
| Nota de detalles del sistema | Modo de acceso: World Wide Web; Adobe Acrobat Reader. |
| 650 ## - PUNTO DE ACCESO ADICIONAL DE MATERIA--TÉRMINO DE MATERIA | |
| Término de materia o nombre geográfico como elemento de entrada | Movilidad estudiantil |
| Subdivisión de forma | Estudio de casos |
| Subdivisión geográfica | Distrito Federal |
| 9 (RLIN) | 33887 |
| 650 ## - PUNTO DE ACCESO ADICIONAL DE MATERIA--TÉRMINO DE MATERIA | |
| Término de materia o nombre geográfico como elemento de entrada | Movilidad laboral |
| Subdivisión de forma | Estudio de casos |
| Subdivisión geográfica | Distrito Federal |
| 9 (RLIN) | 33888 |
| 655 ## - TÉRMINO DE INDIZACIÓN--GÉNERO/FORMA | |
| Datos o término principal de género/forma | Libros electrónicos |
| 700 ## - PUNTO DE ACCESO ADICIONAL--NOMBRE DE PERSONA | |
| Nombre de persona | Morales Zaragoza, Nora Angélica |
| Término indicativo de función/relación | director |
| 9 (RLIN) | 33890 |
| 700 ## - PUNTO DE ACCESO ADICIONAL--NOMBRE DE PERSONA | |
| Nombre de persona | Navarro Mastache, Manuel Tonatiuh |
| Término indicativo de función/relación | lector |
| 9 (RLIN) | 33891 |
| 700 ## - PUNTO DE ACCESO ADICIONAL--NOMBRE DE PERSONA | |
| Nombre de persona | Durán Quezada, Georgina |
| Término indicativo de función/relación | lector |
| 9 (RLIN) | 33892 |
| 710 ## - PUNTO DE ACCESO ADICIONAL--NOMBRE DE ENTIDAD CORPORATIVA | |
| Nombre de entidad corporativa o nombre de jurisdicción como elemento de entrada | Universidad Iberoamericana Ciudad de México. |
| Unidad subordinada | Departamento de Diseño |
| 9 (RLIN) | 33893 |
| 856 ## - LOCALIZACIÓN Y ACCESO ELECTRÓNICOS | |
| Identificador Uniforme del Recurso | <a href="<a href="http://www.bib.uia.mx/tesis/pdf/015989/015989.pdf">http://www.bib.uia.mx/tesis/pdf/015989/015989.pdf</a> Tipo de formato electrónico pdf Nota pública Texto completo en pdf. 902 ## - ELEMENTOS DE DATOS B LOCAL, LDB (RLIN) a Diseño Estratégico e Innovación. b Maestría 920 ## - -- Diplomado en Inteligencia Territorial, -- Universidad Autónoma Metropolitana - Cuajimalpa 920 ## - -- Diseño Industrial, -- Centro Universitário da Cidade do Rio de Janeiro 920 ## - -- Diseño de Información, -- Pontifícia Universidad Católica de Chile 921 ## - -- Experiencia del Usuario 921 ## - -- Retórica de la Imagen 921 ## - -- Diseño de Posicionamiento 922 ## - -- Taller de diseño de presentaciones 905 ## - ELEMENTOS DE DATOS E LOCAL, LDE (RLIN) a 15 915 ## - -- 2015 916 ## - -- ISABEL 917 ## - -- MX 942 ## - ELEMENTOS DE PUNTO DE ACCESO ADICIONAL (KOHA) Tipo de ítem Koha Impresos Ibero Excluir SI 980 ## - EQUIVALENCIA O REFERENCIA-CRUZADA-MENCIÓN DE SERIE--NOMBRE DE PERSONA/TÍTULO [LOCAL, CANADÁ] Enlace entre campo y número de secuencia 126340 Información miscelánea ADMIN1"><a href="http://www.bib.uia.mx/tesis/pdf/015989/015989.pdf">http://www.bib.uia.mx/tesis/pdf/015989/015989.pdf</a> Tipo de formato electrónico pdf Nota pública Texto completo en pdf. 902 ## - ELEMENTOS DE DATOS B LOCAL, LDB (RLIN) a Diseño Estratégico e Innovación. b Maestría 920 ## - -- Diplomado en Inteligencia Territorial, -- Universidad Autónoma Metropolitana - Cuajimalpa 920 ## - -- Diseño Industrial, -- Centro Universitário da Cidade do Rio de Janeiro 920 ## - -- Diseño de Información, -- Pontifícia Universidad Católica de Chile 921 ## - -- Experiencia del Usuario 921 ## - -- Retórica de la Imagen 921 ## - -- Diseño de Posicionamiento 922 ## - -- Taller de diseño de presentaciones 905 ## - ELEMENTOS DE DATOS E LOCAL, LDE (RLIN) a 15 915 ## - -- 2015 916 ## - -- ISABEL 917 ## - -- MX 942 ## - ELEMENTOS DE PUNTO DE ACCESO ADICIONAL (KOHA) Tipo de ítem Koha Impresos Ibero Excluir SI 980 ## - EQUIVALENCIA O REFERENCIA-CRUZADA-MENCIÓN DE SERIE--NOMBRE DE PERSONA/TÍTULO [LOCAL, CANADÁ] Enlace entre campo y número de secuencia 126340 Información miscelánea ADMIN1</a> |
| 942 ## - ELEMENTOS DE PUNTO DE ACCESO ADICIONAL (KOHA) | |
| Fuente del sistema de clasificación o colocación | Library of Congress Classification |
| Tipo de ítem Koha | Libros |
| Suprimir en OPAC | 1 |
| Estado de retiro | Estado de pérdida | Fuente del sistema de clasificación o colocación | Estado dañado | No para préstamo | Localización permanente | Ubicación/localización actual | Fecha de adquisición | Total de préstamos | Signatura topográfica completa | Código de barras | Fecha visto por última vez | Número de copia | Precio válido a partir de | Tipo de ítem Koha |
|---|---|---|---|---|---|---|---|---|---|---|---|---|---|---|
| El ejemplar forma parte de la colección y puede ser consultado según las políticas vigentes. | Library of Congress Classification | Biblioteca de Diseño Museo Franz Mayer | Biblioteca de Diseño Museo Franz Mayer | 07/05/2026 | HE327 M69 2015 | BDIMFM001001 | 07/05/2026 | Ej.1 | 07/05/2026 | Libros |